Niebla

Guardado en:
Detalles Bibliográficos
Autor principal: Unamuno, Miguel de (Autor)
Formato: Libro
Lenguaje:español
Publicado: Santiago La Nación 1988
Colección:Colección literatura universal, 24-25
Materias:
Etiquetas: Agregar Etiqueta
Sin Etiquetas, Sea el primero en etiquetar este registro!

MARC

LEADER 00000nam a2200000 a 4500
001 UCW8782
003 CL-VaPUC
008 881026e19880000CL |||||||||||||||||spa|d
082 0 4 |a 863  |b UNA  |2 21 
100 0 |a Unamuno, Miguel de  |e author  |9 312478 
245 1 0 |a Niebla 
300 |a 2 v 
942 |c BK 
945 |d 19881026 00:00:00 
260 |a Santiago  |b La Nación  |c 1988 
650 0 |a Novelas españolas  |9 265052 
583 |a last modification  |c 19881026 00:00:00  |k Rodrigo Vera 
490 0 |a Colección literatura universal, 24-25 
999 |c 221045  |d 221043 
952 |0 0  |1 0  |4 0  |6 863_000000000000000_UNA_1988  |7 0  |8 R  |9 213964  |a BIBEDU  |b BIBEDU  |c MCIRC  |d 2019-11-15  |h v.1  |i 2823284  |o 863 UNA 1988  |p 2823284  |r 2023-01-13  |w 2019-11-15  |y BK_R  |k LIT 
952 |0 0  |1 0  |4 0  |6 863_000000000000000_UNA_1988  |7 0  |8 R  |9 213965  |a BIBEDU  |b BIBEDU  |c MCIRC  |d 2019-11-15  |h v.2  |i 2823292  |o 863 UNA 1988  |p 2823292  |r 2023-01-13  |w 2019-11-15  |y BK_R  |k LIT